| 000 | nam a22 7a 4500 | ||
|---|---|---|---|
| 999 |
_c332529 _d332529 |
||
| 003 | NUST | ||
| 005 | 20171212101910.0 | ||
| 008 | 171212b xxu||||| |||| 00| 0 eng d | ||
| 020 | _a9789696370932 | ||
| 040 | _cNUST | ||
| 082 |
_a891.4391 _bMAT |
||
| 100 |
_aMatherani, Prem _97173 |
||
| 245 |
_aIlm, ishq aur inqalab: _bshairi ki zaban mein / _cPrem Matherani |
||
| 260 |
_aKarachi: _bWasim Process, _c2015 |
||
| 300 | _a225 pages | ||
| 546 | _aIn Urdu | ||
| 650 |
_aUrdu -Literature _9347 |
||
| 880 |
_6100-01\(3\r _aپریم متھرانی |
||
| 880 |
_6245-02\(3\r _aعلم، عشق اور انقلاب: _bشاعری کی زبان میں _cپریم متھرانی |
||
| 880 |
_6260-03\(3\r _aکراچی: _bوسیم پروسیس، _c2015 |
||
| 942 |
_2ddc _cBK |
||